Movies Quiz

Random Movies or Color Quiz
Score 0/24 Timer 06:00
1 Play Today
Hint Answer % Correct
Ghostbusters
97.5%
Casper
95.1%
Men in Black
94.4%
E.T. the Extra-Terrestrial
92.8%
Terminator 3: Rise of the Machines
89.4%
Shutter Island
83.4%
The Sixth Sense
78.8%
Alien
77.1%
The Ring
74%
Gran Torino
68%
The Fighter
65.9%
Skyfall
59.1%
Hint Answer % Correct
The Exorcist
55.7%
The Artist
51.4%
Unbreakable
41%
The Bourne Legacy
39.4%
Prometheus
33%
American Gangster
31.8%
Close Encounters of the Third Kind
29%
Last Vegas
26.1%
Warrior
24.1%
Panic Room
23.1%
Taken
19.7%
Captain Phillips
18%

You're not logged in!

Compare scores with friends on all Sporcle quizzes.
OR
Log In

Sporcle TV

Today on Sporcle TV


Watch our educational content, quiz creation guides, and fun videos on Sporcle TV.

Show Comments

Extras

Top Quizzes Today


Score Distribution

Your Account Isn't Verified!

In order to create a playlist on Sporcle, you need to verify the email address you used during registration. Go to your Sporcle Settings to finish the process.

Report this User

Report this user for behavior that violates our Community Guidelines.

Details: